000 00782nam a2200241Ia 4500
003 OSt
005 20220923220434.0
006 a|||||r|||| 00| 0
007 ta
008 220922b |||||||| |||| 00| 0 hin d
024 _a186,627
037 _cTextual
040 _aARTS
_cARTS
_bhin
041 _2hin
_ahin
082 _aY:1.212, 152L2
100 _aवैकंटेश्वरन, एन0
_9162726
245 0 _aकेरल संस्कृति
246 _aKeral sanskṛuti
260 _aमद्रास
_b दक्षिण भारत हिन्दी प्रचार सभा
_c1972
300 _a224 पृ.
_ccm.
942 _hY:1.212, 152L2
_cTEXL
_2CC
999 _c339870
_d339870